| 000 | 00820nam a22002417a 4500 | ||
|---|---|---|---|
| 003 | OSt | ||
| 005 | 20260109145216.0 | ||
| 008 | 240709b |||||||| |||| 00| 0 eng d | ||
| 020 | _a9780857114129 (Paperback) | ||
| 040 |
_aNUST _beng _cNUST _dNUST _erda |
||
| 050 | _aRS131.3 BRI | ||
| 100 |
_aBritish National Formulary _eAuthor |
||
| 245 |
_aBNF 82 : _bSeptember 2021 - March 2022 / _cBritish National Formulary. |
||
| 260 |
_aUnited Kingdom : _bRoyal Pharmaceutical Society, _c©2021. |
||
| 300 |
_axviii, 1772 pages : _c21 cm. |
||
| 336 |
_2rdacontent _atext _btxt |
||
| 337 |
_2rdamedia _aunmediated _bn |
||
| 338 |
_2rdacarrier _avolume _bnc |
||
| 504 | _aIncludes Index. | ||
| 650 | _aMedicine. | ||
| 650 | _aPrescriptions, formulae, receipts, etc. | ||
| 942 |
_2lcc _cBOOKS _hRS131.3 BRI _kRS _mBRI _n0 |
||
| 999 |
_c170816 _d170816 |
||